Aasian 10 itäisintä pääkaupunkia - Statistics

Yleistilastot
  • Tätä visaa on pelattu 463 kertaa
  • Keskiarvotulos 7 / 10
Vastaustilastot
Pituuspiiri Pääkaupunki % Oikein
139°42′E Tokio
97%
116°24′E Peking
92%
126°59′E Soul
88%
120°58′E Manila
79%
106°48′E Jakarta
77%
125°44′E Pjongjang
76%
121°38′E Taipei
70%
106°55′E Ulaanbaatar
47%
125°35′E Dili
46%
114°57′E Bandar Seri Begawan
36%
Ehtoja vastaavia visoja ei löytynyt
Tulosjakauma
Jokaisen tuloksen saaneiden osuus
Persentiili vastausten määrän mukaan
Tuloshistoriasi
Et ole pelannut tätä visaa